<?xml version="1.0" encoding="UTF-8"?>
<record
    xmlns:xsi="http://www.w3.org/2001/XMLSchema-instance"
    xsi:schemaLocation="http://www.loc.gov/MARC21/slim http://www.loc.gov/standards/marcxml/schema/MARC21slim.xsd"
    xmlns="http://www.loc.gov/MARC21/slim">

  <leader>01357nab a2200241 i 4500</leader>
  <controlfield tag="001">BPP</controlfield>
  <controlfield tag="003">BPK</controlfield>
  <controlfield tag="005">20150113084739.0</controlfield>
  <controlfield tag="008">150113s2011    pl  |  |     |000 ||pol</controlfield>
  <datafield tag="040" ind1=" " ind2=" ">
    <subfield code="c">BPK</subfield>
  </datafield>
  <datafield tag="041" ind1=" " ind2=" ">
    <subfield code="a">pol</subfield>
    <subfield code="b">eng</subfield>
  </datafield>
  <datafield tag="044" ind1=" " ind2=" ">
    <subfield code="a">POL</subfield>
  </datafield>
  <datafield tag="080" ind1=" " ind2=" ">
    <subfield code="a">628.1/.3</subfield>
  </datafield>
  <datafield tag="100" ind1=" " ind2=" ">
    <subfield code="a">USIDUS, Danuta.</subfield>
    <subfield code="d">2003 - .</subfield>
    <subfield code="b">Politechnika Koszali&#x144;ska - Wydzia&#x142; Budownictwa i In&#x17C;ynierii &#x15A;rodowiska,</subfield>
    <subfield code="c">Katedra Sieci i Instalacji Sanitarnych</subfield>
  </datafield>
  <datafield tag="245" ind1=" " ind2=" ">
    <subfield code="a">Analiza zmienno&#x15B;ci rozbioru wody w miejscowo&#x15B;ci wypoczynkowej pasa nadmorskiego = </subfield>
    <subfield code="b">Analysis of Variability of water consumption in the baltic coast resort /</subfield>
    <subfield code="c">Danuta Usidus, Anna Filon.</subfield>
  </datafield>
  <datafield tag="260" ind1=" " ind2=" ">
    <subfield code="c">2011.</subfield>
  </datafield>
  <datafield tag="500" ind1=" " ind2=" ">
    <subfield code="a">Dane z autopsji.</subfield>
  </datafield>
  <datafield tag="520" ind1=" " ind2=" ">
    <subfield code="a">Celem pracy by&#x142;a analiza zmienno&#x15B;ci rozbioru wody w sezonie oraz poza sezonem w miejscowo&#x15B;ci wypoczynkowej pasa nadmorskiego. Analiza rozbior&#xF3;w wody umo&#x17C;liwia przewidywanie zmian zapotrzebowania na wod&#x119; w danej jednostce osadniczej, co z kolei pozwala na okre&#x15B;lenie prawid&#x142;owego kierunku rozbudowy i modernizacji sieci wodoci&#x105;gowej.</subfield>
  </datafield>
  <datafield tag="650" ind1=" " ind2="0">
    <subfield code="a">Woda - u&#x17C;ytkowanie - pomiary.</subfield>
  </datafield>
  <datafield tag="650" ind1=" " ind2=" ">
    <subfield code="a">Letniska.</subfield>
  </datafield>
  <datafield tag="773" ind1=" " ind2=" ">
    <subfield code="i">W :</subfield>
    <subfield code="t">Rocznik Ochrona &#x15A;rodowiska = Annual Set The Environment Protection. -</subfield>
    <subfield code="d">Koszalin : Wydaw. &#x15A;rodkowo-Pomorskiego Towarzystwa Naukowego Ochrony &#x15A;rodowiska, 2011. -</subfield>
    <subfield code="g">T. 13, Cz. 1, s. 903-920</subfield>
  </datafield>
  <datafield tag="942" ind1=" " ind2=" ">
    <subfield code="c">ART</subfield>
    <subfield code="2">UKD</subfield>
  </datafield>
  <datafield tag="999" ind1=" " ind2=" ">
    <subfield code="c">4541</subfield>
    <subfield code="d">4541</subfield>
  </datafield>
  <datafield tag="952" ind1=" " ind2=" ">
    <subfield code="0">0</subfield>
    <subfield code="1">0</subfield>
    <subfield code="4">0</subfield>
    <subfield code="7">0</subfield>
    <subfield code="a">BPK</subfield>
    <subfield code="b">BPK</subfield>
    <subfield code="o">01266</subfield>
    <subfield code="y">ART</subfield>
  </datafield>
</record>
